Normal view
MARC view
- Mustansar Hussain Tarar ........ مستنصر حسین تارڑ
Entry Personal Name
001 - CONTROL NUMBER
- control field: 28272
003 - CONTROL NUMBER IDENTIFIER
- control field: NUST
005 - DATE AND TIME OF LATEST TRANSACTION
- control field: 20200204112255.0
008 - FIXED-LENGTH DATA ELEMENTS
- fixed length control field: 200204|| aca||aabn | a|a d
040 ## - CATALOGING SOURCE
- Original cataloging agency: NUST
- Transcribing agency: NUST
100 ## - HEADING--PERSONAL NAME
- Personal name: Mustansar Hussain Tarar ........ مستنصر حسین تارڑ
670 ## - SOURCE DATA FOUND
- Source citation: Work cat.: (NUST): Mustansar Hussain Tarar ........ مستنصر حسین تارڑ, Shutar Murgh Riyasat - شُتر مُرغ ریاست, c2007
